LEADER 01740cam a2200313 u 4500 001 000000015810 003 CaOOAMICUS 005 20070226105925.0 008 941017s1935 vc u000 u ger u 035 $a10369742 040 $aPUL$bita 100 1 $aKuttner, Stephan,$d1907-1996.$0(OLS)http://pul/name/4845 245 10$aKanonistische Schuldlehre von Gratian bis auf die Dekretalen Gregors IX :$bsystematisch auf Grund der handschriftlichen Quellen dargestellt /$cStephan Kuttner. 260 $aCittà del Vaticano :$bBiblioteca Apostolica Vaticana,$c1935. 300 $axxiii, 429 p. ;$c25 cm 490 1 $aStudi e testi ;$v64 650 4$aColpa (diritto canonico).$0(OLS)http://pul/subject/11128 650 4$aImputabilitá (diritto canonico).$0(OLS)http://pul/subject/11129 650 0$aGuilt.$2//eng$0(OLS)http://pul/subject/11130 650 0$aCanon law$xHistory.$2//eng$0(OLS)http://pul/subject/400 650 0$aLegal responsibility (Canon law).$2//eng$0(OLS)http://pul/subject/11132 650 0$aNegligence (Canon law).$2//eng$0(OLS)http://pul/subject/11133 650 0$aCriminal law (Roman law).$2//eng$0(OLS)http://pul/subject/1115 830 0$aStudi e testi (Biblioteca apostolica vaticana) ;$v64.$0(OLS)http://pul/title/1077 850 $aPUL 852 $aPUL$W1$xDP1 Cons. Gen., Altre Classi 1$y22$m158 F 64$j22228$nBK-PRI$b $qStampati$B22228$CPULBib$Z2$F22228 $H $81 941 1 $a8 996 $6245$aKanonistische Schuldlehre von Gratian bis auf die Dekretalen Gregors IX :$bsystematisch auf Grund der handschriftlichen Quellen dargestellt$9(OLS)http://pul/title/22635 996 $6260$aCittà del Vaticano :$bBiblioteca Apostolica Vaticana$9(OLS)http://pul/publisher/48729 LEADER 01447nam a2200349 u 4500 001 000000048361 003 CaOOAMICUS 005 20070226115005.0 008 000428s1999 fr u000 u fre u 020 $a2-7116-1416-6 035 $a10846429 040 $aEFR$bita$dBAV$dBAV 041 1 $afre$alat 245 03$aLa condamnation parisienne de 1277 : /$cnouvelle édition du texte latin, traduction, introduction et commentaire par David Piché ; avec la collaboration de Claude Lafleur. 260 $aParis :$bVrin,$c1999. 300 $a351 p. ;$c22 cm 490 1 $aSic et non, 500 $aIndex: p. [337]-351. 504 $a"Bibliographie": p. [321]-335. 650 4$aFilosofia medievale.$0(OLS)http://pul/subject/139 650 4$aCensura$zFrancia$yEvo medio.$0(OLS)http://pul/subject/20403 700 1 $aLafleur, Claude.$0(OLS)http://pul/name/35111 700 1 $aPiché, David.$0(OLS)http://pul/name/35110 830 0$aSic et non,$x1248-7279.$0(OLS)http://pul/title/8006 850 $aPUL 852 $aPUL$W1$xSL Filosofia 1$y2$m86 O 4$j64459$nBK-PRI$b $qStampati$B64459$CPULBib$Z2$F64459 $H $81 941 1 $a8 960 $aFilosofia medioevale$9139 961 $aINV: 89381 996 $6020$a2-7116-1416-6$9(OLS)http://pul/number/60762 996 $6245$aLa condamnation parisienne de 1277 :$9(OLS)http://pul/title/65122 996 $6260$aParis :$bVrin$9(OLS)http://pul/publisher/50780